人間食神
| 資料類型: | 圖書 | 書目號: | 50054 |
Leader xxxxxxxxxx 001 __ PCLIS00050054 005 __ 20211202082626.0 010 0_ |a978-988-8236-70-1|b平裝|dNT$350 100 __ |a20161124d2013 m y0chiy09 e 101 0_ |achi 102 __ |ahk 105 __ |aa z 000cy 200 1_ |a人間食神|f薛興國著 205 __ |a初版 210 __ |a香港|c中華書局出版|c香港聯合書刊發行|d2013[民102] 215 0_ |a189面|c圖|d21公分 300 __ |a\"中國散文"--由t037標引 681 __ |a855|b8645 700 _1 |a薛|b興國|4著 801 _0 |atw|b內湖高中|c20161124|gCCR |